000 01168nam a22003494c 4500
001 197856
003 ES-MaACL
005 20251027164951.0
008 251002s2019 sp | |||| 000 f spa
017 _aM 15137-2019
_bOficina Depósito Legal Madrid
020 _a9788490749005
040 _aES-MaACL
_bspa
_cES-MaACL
_erda
080 _a821.134.2(729.1)-31"20"
100 1 _aRisco, Isaac
_4aut
_9242317
245 1 0 _aCrónicas del deshielo /
_cIsaac Risco
264 1 _aArganda del Rey, Madrid
_bEditorial Verbum,
_c[2019]
264 4 _c©2019
300 _a219 páginas ;
_c20 cm
336 _aTexto
_2rdacontent
337 _asin mediación
_2rdamedia
338 _avolumen
_2rdacarrier
490 0 _aSerie Biblioteca cubana.
_pNarrativa
500 _aÍndice
655 7 _2tgfbne
_9234402
_aNovelas sociales
852 _aES-MaACL
_cDEPO1
_jA-15814
_hDonación: José Lázaro García
_xEncuadernación rústica con solapas
901 _aMON2001
942 _cMONOGRAFIA
_n0
956 _a2
999 _c197856
_d197856